Responses for Show #4547 - Tuesday, May 18, 2004

Contestants

[<< previous game]

Suzanne LaVere, a graduate student from Evanston, Illinois

Matt Cookson, an attorney from San Diego, California

Al Davis, a software test engineer from Everett, Washington (whose 2-day cash winnings total $37,600)

[next game >>]

Jeopardy! Round responses

STATE CAPITALS
CUSTOMS
MUSIC'S MISSING LINKS
ENDS IN "I"
TOYS & GAMES
WATER, WATER EVERYWHERE
    $200 1
Albany

Al
    $200 21
"Auld Lang Syne"

Al
    $200 8
Secret

Al
    $200 6
the Jedi

Suzanne
    $200 16
Community Chest

Suzanne
    $200 26
the oceans

Al
    $400 2
Montgomery

Suzanne
    $400 22
a kiss on each cheek

Suzanne
    $400 12
Blue

Matt
    $400 7
a hibachi

Matt
    $400 17
wickets

Al
    $400 27
(Suzanne: What is a chicken?)

a human

Suzanne
Triple Stumper
    $1,000 3
Juneau(, Alaska)

Suzanne
    $600 23
the U.S. Naval Academy

Suzanne
    $600 13
Girls

Matt
    $600 9
a sari

Suzanne
    $600 18
solitaire

Suzanne
    $600 28
a liquid, a gas, & a solid

Suzanne
    $800 4
Salem(, Oregon)

Al
    $800 24
coffins

Triple Stumper
    $800 14
On

Suzanne
    $800 10
(Jennifer) Capriati

Suzanne
    $800 19
Bocce

Matt
    $800 29
(Suzanne: What are lakes?)

glaciers

AlSuzanne
    $1000 5
Augusta(, Maine)

Al
    $1000 25
Prost

Al
    $1000 15
Paradise

Triple Stumper
    $1000 11
(Al: What is Kiribati?)

Fiji

AlMatt
    $1000 20
Edmond Hoyle

Triple Stumper
    $1000 30
the Amazon

Matt

Scores at the first commercial break (after clue 15):

Al Matt Suzanne
$1,200 $2,400 $3,800

Scores at the end of the Jeopardy! Round:

Al Matt Suzanne
$3,800 $4,200 $5,000

Double Jeopardy! Round responses

LITERARY SETTINGS
SPORTS TROPHIES
SUPREME COURT DECISIONS
CALL ME HARRY
HARLEQUIN & COLUMBINE
"WATER" WATER EVERYWHERE
    $400 8
(Suzanne: What is Boston?)

Salem, Massachusetts

Suzanne
Triple Stumper
    $400 1
the Americas Cup

Matt
    $400 16
the Indians

Al
    $400 19
Harry Truman

Matt
    $400 26
romance novels

Matt
    $400 6
"Bridge Over Troubled Water"

Al
    $800 9
Elsinore

Suzanne
    $800 2
the Heisman Trophy

Matt
    $800 17
the New Deal

Al
    $800 22
Harry Reasoner

Al
    $800 27
commedia dell'arte

Triple Stumper
    $800 7
a water buffalo

Suzanne
    $1200 10
Tortilla Flat

Matt
    $1200 3
Vince Lombardi

Al
    $1200 18
(Matt: What is 5-4?)

9-0 (unanimous)

Matt
Triple Stumper
    $1200 23
Harry Belafonte

Al
    $100 28
Picasso

Matt
    $1200 11
a water lily

Matt
    $1600 14
Grover's Corners, New Hampshire

Al
    $1600 4
(Al: What is a puck?)
(Suzanne: What is a golf ball?)
...
(Alex: Larry O'Brien, head of the NBA. [*].)

a basketball

AlSuzanne
Triple Stumper
    $5,000 20
Roe v. Wade

Matt
    $1600 24
Harry Caray

Al
    $1600 29
snake

Matt
    $1600 12
Watergate

Al
    $2000 15
(Matt: What is Wuthering Heights?)

Wildfell Hall

MattSuzanne
    $2000 5
the Ryder Cup

Al
    $2000 21
freedom of speech

Matt
    $2000 25
Harry Longabaugh

Triple Stumper
    $2000 30
Pantalone

Triple Stumper
    $2000 13
Watership Down

Al

Scores at the end of the Double Jeopardy! Round:

Al Matt Suzanne
$15,800 $14,100 $6,600

[wagering suggestions for these scores]

Final Jeopardy! Round responses

THE ANIMAL KINGDOM
SuzanneWhat is a narwhal whale
$0
MattWhat is a narwhale
$10,000
AlWhat is the Narwhal?
$12,400
the narwhal

Final scores:

Al Matt Suzanne
$28,200 $24,100 $6,600
3-day champion: $65,800 2nd place: $2,000 3rd place: $1,000

Game dynamics:

Coryat scores:

Al Matt Suzanne
$15,800 $11,800 $6,200
20 R,
2 W
16 R
(including 2 DDs),
2 W
14 R
(including 1 DD),
4 W

Combined Coryat: $33,800

[game clues] [game scores] [suggest correction]

Game tape date: 2004-02-10
The J! Archive is created by fans, for fans. Scraping, republication, monetization, and malicious use prohibited; this site may use cookies and collect identifying information. See terms. The Jeopardy! game show and all elements thereof, including but not limited to copyright and trademark thereto, are the property of Jeopardy Productions, Inc. and are protected under law. This website is not affiliated with, sponsored by, or operated by Jeopardy Productions, Inc. Join the discussion at JBoard.tv.